| 000 | 00642nam a22001817a 4500 | ||
|---|---|---|---|
| 003 | BD-ChCU | ||
| 005 | 20260225113654.0 | ||
| 008 | 260225b bg ||||| |||| 00| 0 ben d | ||
| 020 | _a9789849333890 | ||
| 040 | _cBD-ChCU | ||
| 082 |
_222 _a১৮১.৯ মুসা ৩৫ কা |
||
| 100 |
_aমুসা আল হাফিজ _920593 |
||
| 245 |
_aকালামদর্শন / _cমুসা আল হাফিজ |
||
| 260 |
_aঢাকা : _bশোভা প্রকাশ, _c২০২১ |
||
| 300 |
_a৪১৬পৃ. : _c২২ সেমি |
||
| 650 | 0 |
_aইসলামী - দর্শন _920591 |
|
| 942 |
_2ddc _cBK _n0 |
||
| 999 |
_c111744 _d111744 |
||